C++ programming made simple / (Record no. 6640)
[ view plain ]
| 000 -LEADER | |
|---|---|
| fixed length control field | 00621nam a2200181Ia 4500 |
| 020 ## - INTERNATIONAL STANDARD BOOK NUMBER | |
| ISBN | 0750632437 |
| 022 ## - INTERNATIONAL STANDARD SERIAL NUMBER | |
| ISSN | 9780750632430 |
| 050 ## - CALL NUMBER | |
| Classification number | QA76.73 |
| Item number | .Se9 |
| 100 1# - AUTHOR | |
| Personal name | Sexton, Conor. |
| 245 10 - TITLE | |
| Title | C++ programming made simple / |
| Statement of responsibility, etc | Conor Sexton. |
| 260 ## - PUBLICATION INFORMATION | |
| Place of publication | Oxford : |
| Name of publisher | Made Simple Books, |
| Year of publication | 1997. |
| 300 ## - DESCRIPTION | |
| Number of Pages | x, 196 pages. |
| Dimensions | 25 cm |
| 440 ## - SERIES | |
| SERIES | Made Simple programming series. |
| 500 ## - NOTES | |
| General note | Includes index. |
| 505 ## - FORMATTED CONTENTS NOTE | |
| Table of Content | 1. A quick start with C++<br/>2. Classes<br/>3. Class services<br/>4. Classes and inheritance<br/>5. ANSI C++ facilitators<br/>6. The C++ library<br/> |
| 650 00 - SUBJECTS | |
| Topical Term | C++ (Computer program language) |
| 942 ## - ADDED ENTRY ELEMENTS (KOHA) | |
| Koha item type | Books |
| Withdrawn status | Lost status | Collection code | Home library | Current library | Shelving location | Date acquired | Full call number | Accession Number | Koha item type |
|---|---|---|---|---|---|---|---|---|---|
| Reference | Methodist University Library Main | Methodist University Library Main | General Stacks | QA76.73 .Se9 | 15034 | Books |